000 00287nam a2200145Ia 4500
100 _aWakerly/John F
250 _a3
942 _cBK
654 _adigital
245 _aDigital design
260 _bPearson Edu
_c2002
082 _a621.3815
_bWAK
300 _a946
546 _aENGLISH
999 _c19861
_d19861